000 00580nam a22001937a 4500
005 20251108173625.0
008 250721s2006 xx 000 0 ara d
020 _a9772903237
082 1 4 _a214.4/سقا
100 1 _aالسقا، أحمد حجازي
245 1 0 _aمس الشيطان في التوراة و الإنجيل و القرآن /
264 1 _aالمنصورة :
_bمكتبة الإيمان،
_c2006.
300 _a96 ص.
650 1 7 _aالعقيدة الدينية
650 1 7 _aالجن
650 1 7 _aالشيطان
942 _2ddc
_cBK
999 _c108380
_d108380